000 00613cam a22002411 4500
001 ne 63000371
003 DLC
005 20260227111742.0
008 890620s1961 xx b 000 0 ara
010 _ane 63000371
035 _a(OCoLC)23492137
040 _aDLC
_cMiU
_dDLC
042 _apremarc
043 _afw-----
050 0 0 _aDT471
_b.Z3
100 1 _aZakī, ʻAbd al-Raḥmān.
245 1 0 _aTārīkh al-duwal al-Islāmīyah al-Sūdānīyah.
260 _c[1961]
300 _a246 p.
_bmaps.
_c24 cm.
500 _aRomanized.
651 0 _aAfrica, West
_xHistory
830 0 _aAlf kitāb.
_v384.
999 _c45602
_d45602